| 000 | 00752nam a2200205 4500 | ||
|---|---|---|---|
| 008 | b xx# fre u | ||
| 010 | _a33568/70 | ||
| 040 | _aLB-BrCRDP | ||
| 082 | _a109/R619h | ||
| 100 | 1 | _aRivaud, Albert | |
| 130 | 0 | _lFR | |
| 245 | 1 | 0 |
_aHistoire de la philosophie _cAlbert Rivaud |
| 260 |
_aParis _bP.U.F. , _c1962-1968 |
||
| 300 | _c18cm | ||
| 490 | 0 | _aLogos: introduction aux études philosophiques | |
| 500 | _a* t.4. Philosophie française et philosophie anglaise de 1700 à 1830. * t.5. en 2 parties. La philosophie allemande de 1700 à 1850. 1re partie. De l'Aufklarung à Schelling. * 2e partie. De Hegal à Schopenhauer | ||
| 650 |
_aPhilosophie _xHistoire |
||
| 942 | _cBK | ||
| 999 |
_c12181 _d12181 |
||